Disclosure of Information on the Application of Standards in the Financial Statements of Commercial Insurance Companies
Vykazovanie informácií o uplatňovaní IFRS 4 Poistné zmluvy, resp. IFRS 17 Poistné zmluvy v obchodných poisťovniach so sídlom na území Slovenskej republiky. IFRS 17 ako úplne nový štandard, na ktorý sa poisťovacie spoločnosti v súčasnosti pripravujú. Príprava informácií o uplatňovaní noriem a dôvody,...
Na minha lista:
| Autor principal: | |
|---|---|
| Outros Autores: | , |
| Formato: | Capítulo de Livro |
| Idioma: | inglês |
| Assuntos: | |
| Tags: |
Sem tags, seja o primeiro a adicionar uma tag!
|
MARC
| LEADER | 00000naa$a2200000$$$4500 | ||
|---|---|---|---|
| 001 | 0261461 | ||
| 005 | 20240502083750.5 | ||
| 041 | 0 | |a eng | |
| 044 | |a CZ | ||
| 245 | 1 | 0 | |a Disclosure of Information on the Application of Standards in the Financial Statements of Commercial Insurance Companies |
| 520 | |a Vykazovanie informácií o uplatňovaní IFRS 4 Poistné zmluvy, resp. IFRS 17 Poistné zmluvy v obchodných poisťovniach so sídlom na území Slovenskej republiky. IFRS 17 ako úplne nový štandard, na ktorý sa poisťovacie spoločnosti v súčasnosti pripravujú. Príprava informácií o uplatňovaní noriem a dôvody, prečo sa niektoré normy neposudzujú. | ||
| 610 | 2 | 0 | |a závierka účtovná |
| 610 | 2 | 0 | |a IFRS |
| 610 | 2 | 0 | |a zmluvy poistné |
| 610 | 2 | 0 | |a poisťovníctvo |
| 100 | 1 | |a Juhászová, Zuzana, 1970- | |
| 700 | 1 | |a Kubaščíková, Zuzana, 1982- | |
| 700 | 1 | |a Tumpach, Miloš, 1970- | |